Fr. Conceicao Rodrigues College of Engineering

Inside Java (Record no. 35174)

MARC details
000 -LEADER
fixed length control field 00320nam a2200157Ia 4500
082 ## - DEWEY DECIMAL CLASSIFICATION NUMBER
Classification number 5.133
Item number SIY
100 ## - MAIN ENTRY--PERSONAL NAME
Personal name Siyan/ Karanjit/ Weaver/James L
250 ## - EDITION STATEMENT
Edition statement I
245 ## - TITLE STATEMENT
Title Inside Java
260 ## - PUBLICATION, DISTRIBUTION, ETC.
Name of publisher, distributor, etc. New Riders
Date of publication, distribution, etc. 1997
300 ## - PHYSICAL DESCRIPTION
Extent 912
546 ## - LANGUAGE NOTE
Language note ENGLISH
654 ## - SUBJECT ADDED ENTRY--FACETED TOPICAL TERMS
Focus term Inside java
942 ## - ADDED ENTRY ELEMENTS (KOHA)
Koha item type BOOK
Holdings
Withdrawn status Lost status Damaged status Not for loan Collection Home library Current library Date acquired Total Checkouts Full call number Barcode Date last seen Price effective from Koha item type
        CRC Fr. Agnel's C.Rodrigues College of Engineering Fr. Agnel's C.Rodrigues College of Engineering 17/03/2023   5.133 SIY 11126 17/03/2023 17/03/2023 BOOK